02059cam a22004214i 4500003000900000005001700009008004100026035001900067040003300086082002100119100003300140245007500173264007800248300006200326336002100388337002500409338002300434505049600457526001000953526001000963526001000973526001000983526000800993526000801001526000801009526000801017526000801025526000801033526000801041650003501049650002001084942001401104949013101118596000601249999015901255980005501414952016801469PE-LiUPU20250731173138.0150623s r 000 0 d a(Sirsi) a27118 aPE-LiUPUbspacPE-LiUPUerda04a286.732bT482211 aThomsen, Russel J.,eautor.10aSeventh day baptists- their legacy to adventists /cRussel J. Thomsen. 1aMountain View, California :bPacific Press Publishing Association,c1971. a95 páginas :bilustraciones fotos, gráficos ;c22 cm. atext2rdacontent aunmediated2rdamedia avolume2rdacarrier0 aThe sabbat comes to the british isles. Men, martyrs, and the sabbath memorial. The sabbath comes to America. songs for the king- a Heritage of love. Adventists find the sabbath. Growing pains in the nineteenth century. They called him "brother jones". Malamulo, the mission of the commandments. Seventh day baptists and Seventh-day Adventists - what are the differences?. Seventh day baptists in the twentieth century - by Albert N. Rogers, president, seventh day baptist historical society. aSEG42 aSEG41 aSEG40 aSEG39 aP94 aP87 aP86 aP85 aP77 aP76 aP3504aBautistas del séptimo día.04aIASDxHistoria. 2ddccBOOK a286.732 T48wDEWEYc1i52396lCCODEBUL1mBULp4.00r0sYtBOOKu2015-06-24xTEOLOGIAPP350COMPRAo.STAFF. Colección General a1 a286.732 T48wDEWEYc34224i52396d34224f2021-11-11g6lCCODEBUL1mBULp4.00q2r0sYtBOOKu2015-6-24xTEOLOGIAPP350COMPRAo.STAFF. Colección General 81gALBERTO SANCHEZ Responsable de Automatización r2025-12-02 00:00:00i7l0o286.732 T48p52396te1v9.00w2015-06-24xFTyBKzinventario-2023-12-13102ddc50708GENfP35aBULbBULcGENd2015-06-24eCOMPRAg4.00